[Event "OP-2010-0-01330"]
[Site "LSS email"]
[Date "2010.12.03"]
[Round "?"]
[White "Ballero, Andrea"]
[Black "Marculescu, Gheorghe"]
[Result "1-0"]
[WhiteElo "1643"]
[BlackElo "1767"]
[PlyCount "60"]
[EventDate "2010.11.28"]
[EventType "tourn (corr)"]
[EventRounds "4"]
[EventCountry "GER"]
[SourceTitle "Telechess CBM 145"]
[Source "Chessbase"]
[SourceDate "2011.11.11"]
[SourceVersion "1"]
[SourceVersionDate "2011.11.11"]
[SourceQuality "1"]

1. e4 e5 2. Nf3 Nc6 3. Bb5 a6 4. Ba4 Nf6 5. 0-0 b5 6. Bb3 Bb7 7. Re1 Bc5 8. c3 0-0 9. d4 Bb6 10. Be3 exd4 11. cxd4 Na5 12. Bg5 Nxb3 13. Qxb3 h6 14. Bh4 Re8 15. Nbd2 Ba5 16. e5 Bxd2 17. Nxd2 g5 18. Bg3 Nh5 19. Ne4 Bxe4 20. Rxe4 Rc8 21. Rc1 Qe7 22. Rce1 c6 23. Qf3 Ng7 24. h4 Qd8 25. hxg5 hxg5 26. Qg4 a5 27. f4 f5 28. exf6 Qxf6 29. Qxd7 Red8 30. Qh3 Qf5 1-0

[Event "OP-2010-0-01330"]
[Site "LSS email"]
[Date "2010.12.03"]
[Round "?"]
[White "Masquelier, Quentin"]
[Black "Marculescu, Gheorghe"]
[Result "1-0"]
[WhiteElo "2044"]
[BlackElo "1767"]
[PlyCount "71"]
[EventDate "2010.11.28"]
[EventType "tourn (corr)"]
[EventRounds "4"]
[EventCountry "GER"]
[SourceTitle "Telechess CBM 145"]
[Source "Chessbase"]
[SourceDate "2011.11.11"]
[SourceVersion "1"]
[SourceVersionDate "2011.11.11"]
[SourceQuality "1"]

1. Nf3 d5 2. d4 Nf6 3. e3 g6 4. Bd3 Bg7 5. Nbd2 0-0 6. 0-0 c5 7. c3 Re8 8. dxc5 a5 9. e4 Na6 10. Bb5 dxe4 11. Ng5 Nxc5 12. Bxe8 Qxe8 13. f3 exf3 14. Qxf3 Bf5 15. Qe3 Na4 16. Nge4 Ng4 17. Qe2 Qc6 18. Kh1 Ne5 19. Nf2 Be6 20. Rd1 b5 21. Nb3 Bd5 22. Nh3 b4 23. cxb4 axb4 24. Nf4 Bc4 25. Qe1 Qb7 26. Nd2 Bd3 27. Nb3 Bf5 28. Rd4 Nc6 29. Rd2 e6 30. Ne2 Ne5 31. Qh4 Be4 32. Rd8+ Bf8 33. Nf4 Rxd8 34. Qxd8 Nd7 35. Qg5 Bxg2+ 36. Qxg2 1-0

[Event "LSS RB-2010-0-00087"]
[Site "LSS email"]
[Date "2010.06.01"]
[Round "?"]
[White "Marculescu, Gheorghe"]
[Black "Pott, Brian"]
[Result "1/2-1/2"]
[WhiteElo "1771"]
[BlackElo "1742"]
[PlyCount "33"]
[EventDate "2010.04.17"]
[EventType "tourn (corr)"]
[EventRounds "6"]
[EventCountry "GER"]
[SourceTitle "Corr 2013"]
[Source "ChessBase"]
[SourceDate "2012.11.12"]
[SourceVersion "1"]
[SourceVersionDate "2012.11.12"]
[SourceQuality "1"]

1. d4 Nf6 2. Nf3 g6 3. Nc3 d5 4. Bf4 Bg7 5. h3 0-0 6. e3 c5 7. dxc5 Qa5 8. Qd2 Qxc5 9. 0-0-0 e6 10. Be2 Nc6 11. Kb1 a6 12. Ne5 b5 13. a3 Bb7 14. h4 b4 15. axb4 Qxb4 16. Nxc6 Bxc6 17. Qd4 1/2-1/2

[Event "LSS SB-2009-0-00078"]
[Site "LSS email"]
[Date "2010.01.16"]
[Round "?"]
[White "Bartsch, Christian"]
[Black "Marculescu, Gheorghe"]
[Result "1-0"]
[WhiteElo "1871"]
[BlackElo "1783"]
[PlyCount "59"]
[EventDate "2009.12.22"]
[EventType "tourn (corr)"]
[EventRounds "6"]
[EventCountry "GER"]
[SourceTitle "Corr 2013"]
[Source "ChessBase"]
[SourceDate "2012.11.12"]
[SourceVersion "1"]
[SourceVersionDate "2012.11.12"]
[SourceQuality "1"]
[WhiteTeam "US of America"]
[BlackTeam "US of America"]
[WhiteTeamCountry "USA"]
[BlackTeamCountry "USA"]

1. c4 e5 2. g3 Nf6 3. Bg2 Bc5 4. Nc3 0-0 5. d3 d6 6. Nf3 Nc6 7. 0-0 h6 8. a3 a5 9. Bd2 Ne7 10. Rb1 Bb6 11. Qc1 Be6 12. b4 axb4 13. axb4 Qd7 14. c5 Ba7 15. Ne4 Nxe4 16. dxe4 Rfc8 17. Bxh6 gxh6 18. Qxh6 Ng6 19. Ng5 Nf8 20. f4 exf4 21. e5 dxe5 22. Rbd1 Qe7 23. gxf4 Ba2 24. fxe5 Qxe5 25. Ne4 Bxc5+ 26. bxc5 Ra6 27. Nf6+ Rxf6 28. Rxf6 Qxc5+ 29. Kh1 Qe5 30. Rg1 1-0

[Event "LSS SB-2009-0-00078"]
[Site "LSS email"]
[Date "2010.01.16"]
[Round "?"]
[White "Jijon, Fabricio"]
[Black "Marculescu, Gheorghe"]
[Result "1-0"]
[WhiteElo "1954"]
[BlackElo "1783"]
[PlyCount "49"]
[EventDate "2009.12.22"]
[EventType "tourn (corr)"]
[EventRounds "6"]
[EventCountry "GER"]
[SourceTitle "Corr 2013"]
[Source "ChessBase"]
[SourceDate "2012.11.12"]
[SourceVersion "1"]
[SourceVersionDate "2012.11.12"]
[SourceQuality "1"]
[WhiteTeam "US of America"]
[BlackTeam "US of America"]
[WhiteTeamCountry "USA"]
[BlackTeamCountry "USA"]

1. e4 c5 2. Nf3 e6 3. d4 cxd4 4. Nxd4 Nc6 5. Nc3 Nf6 6. Be2 Bb4 7. 0-0 Bxc3 8. bxc3 Nxe4 9. Nxc6 Qf6 10. Bf3 Nxc3 11. Qd6 bxc6 12. a4 Nd5 13. Ba3 e5 14. Qc5 Qe7 15. Qa5 Qd8 16. Qd2 Ba6 17. Rfe1 f6 18. Bxd5 cxd5 19. Qxd5 Rb8 20. Bd6 Rb6 21. f4 Bb7 22. Qd4 Kf7 23. Qc4+ Ke8 24. fxe5 f5 25. Qf4 1-0

[Event "LSS SB-2009-0-00078"]
[Site "LSS email"]
[Date "2010.01.16"]
[Round "?"]
[White "Marculescu, Gheorghe"]
[Black "Lombart, Philippe"]
[Result "1/2-1/2"]
[WhiteElo "1783"]
[BlackElo "1946"]
[PlyCount "25"]
[EventDate "2009.12.22"]
[EventType "tourn (corr)"]
[EventRounds "6"]
[EventCountry "GER"]
[SourceTitle "Corr 2013"]
[Source "ChessBase"]
[SourceDate "2012.11.12"]
[SourceVersion "1"]
[SourceVersionDate "2012.11.12"]
[SourceQuality "1"]
[WhiteTeam "US of America"]
[BlackTeam "US of America"]
[WhiteTeamCountry "USA"]
[BlackTeamCountry "USA"]

1. Nc3 Nf6 2. Nf3 Nc6 3. d4 d5 4. Bf4 Bf5 5. e3 e6 6. Bd3 Bxd3 7. cxd3 Bd6 8. Qb3 0-0 9. Bxd6 Qxd6 10. 0-0 a6 11. Rac1 b6 12. Ne2 Ne7 13. Ne5 1/2-1/2

[Event "LSS SB-2009-0-00078"]
[Site "LSS email"]
[Date "2010.01.16"]
[Round "?"]
[White "Marculescu, Gheorghe"]
[Black "Wicklund Hansen, Gunnar"]
[Result "1/2-1/2"]
[WhiteElo "1783"]
[BlackElo "1843"]
[PlyCount "29"]
[EventDate "2009.12.22"]
[EventType "tourn (corr)"]
[EventRounds "6"]
[EventCountry "GER"]
[SourceTitle "Corr 2013"]
[Source "ChessBase"]
[SourceDate "2012.11.12"]
[SourceVersion "1"]
[SourceVersionDate "2012.11.12"]
[SourceQuality "1"]
[WhiteTeam "US of America"]
[BlackTeam "US of America"]
[WhiteTeamCountry "USA"]
[BlackTeamCountry "USA"]

1. Nc3 d5 2. d4 Nf6 3. Nf3 Bf5 4. e3 e6 5. Bd3 Nc6 6. Bxf5 exf5 7. Qd3 Ne4 8. 0-0 Qd7 9. a3 Be7 10. Nd2 Nxc3 11. bxc3 0-0 12. Rb1 b6 13. c4 dxc4 14. Qxc4 Na5 15. Qd3 1/2-1/2

[Event "LSS SB-2009-0-00076"]
[Site "LSS email"]
[Date "2010.01.08"]
[Round "?"]
[White "Marculescu, Gheorghe"]
[Black "Mujica, Hector"]
[Result "1/2-1/2"]
[WhiteElo "1783"]
[BlackElo "1863"]
[PlyCount "58"]
[EventDate "2009.12.09"]
[EventType "tourn (corr)"]
[EventRounds "6"]
[EventCountry "GER"]
[SourceTitle "Corr 2013"]
[Source "ChessBase"]
[SourceDate "2012.11.12"]
[SourceVersion "1"]
[SourceVersionDate "2012.11.12"]
[SourceQuality "1"]
[WhiteTeam "US of America"]
[BlackTeam "US of America"]
[WhiteTeamCountry "USA"]
[BlackTeamCountry "USA"]

1. d4 Nf6 2. c4 g6 3. Nf3 Bg7 4. Nc3 d5 5. Bg5 Ne4 6. cxd5 Nxg5 7. Nxg5 e6 8. Qa4+ c6 9. dxc6 Nxc6 10. Nf3 Bd7 11. Qd1 Qb6 12. e3 Qxb2 13. Qc1 Qxc1+ 14. Rxc1 0-0 15. Ne4 e5 16. Nc5 Bc8 17. d5 Nb4 18. Bc4 Rd8 19. e4 b6 20. Nd3 Nxd3+ 21. Bxd3 f5 22. Nd2 fxe4 23. Nxe4 Bb7 24. d6 Rac8 25. Ke2 Rxc1 26. Rxc1 Bxe4 27. Bxe4 Rxd6 28. Rc7 a5 29. Rb7 h5 1/2-1/2

[Event "LSS SB-2009-0-00076"]
[Site "LSS email"]
[Date "2010.01.08"]
[Round "?"]
[White "Marculescu, Gheorghe"]
[Black "Rooijen Van, Peter"]
[Result "1-0"]
[WhiteElo "1783"]
[BlackElo "1656"]
[PlyCount "45"]
[EventDate "2009.12.09"]
[EventType "tourn (corr)"]
[EventRounds "6"]
[EventCountry "GER"]
[SourceTitle "Corr 2024"]
[Source "ChessBase"]
[SourceDate "2023.10.19"]
[SourceVersion "1"]
[SourceVersionDate "2023.10.19"]
[SourceQuality "1"]

1. d4 e6 2. e4 d5 3. exd5 exd5 4. Bd3 Bd6 5. Nc3 c6 6. Nf3 Ne7 7. 0-0 0-0 8. Re1 Ng6 9. h3 Na6 10. Bg5 f6 11. Be3 Nb4 12. Be2 Bf5 13. Rc1 Re8 14. Qd2 Qd7 15. a3 Na6 16. Bf1 Re7 17. Na4 b5 18. Nc5 Nxc5 19. dxc5 Be5 20. Nxe5 fxe5 21. a4 a6 22. c3 h6 23. f3 1-0

[Event "LSS RB-2009-0-00072"]
[Site "LSS email"]
[Date "2009.12.16"]
[Round "?"]
[White "Marculescu, Gheorghe"]
[Black "Kaufmann, Michael"]
[Result "1/2-1/2"]
[WhiteElo "1813"]
[BlackElo "1964"]
[PlyCount "66"]
[EventDate "2009.11.14"]
[EventType "tourn (corr)"]
[EventRounds "6"]
[EventCountry "GER"]
[SourceTitle "Telechess CBM 137"]
[Source "ChessBase"]
[SourceDate "2010.07.15"]
[SourceVersion "1"]
[SourceVersionDate "2010.07.15"]
[SourceQuality "1"]

1. d4 Nf6 2. Nf3 d5 3. g3 c6 4. Bg2 Bf5 5. 0-0 e6 6. Nh4 Be4 7. f3 Bg6 8. e4 c5 9. e5 Nfd7 10. f4 cxd4 11. f5 exf5 12. Bxd5 Nc6 13. e6 fxe6 14. Bxe6 Qb6 15. Na3 Nde5 16. Nc4 Nxc4 17. Bxc4 d3+ 18. Kh1 Ne5 19. Re1 0-0-0 20. Rxe5 Qc6+ 21. Qf3 Qxc4 22. cxd3 Rxd3 23. Re3 f4 24. Qg4+ Kc7 25. Rxd3 Be4+ 26. Ng2 Qxd3 27. Bxf4+ Kb6 28. Rd1 Qc2 29. Rd2 Qc4 30. Be3+ Bc5 31. Bxc5+ Kxc5 32. Kg1 Rf8 33. Qg5+ Rf5 1/2-1/2

[Event "LSS RB-2009-0-00072"]
[Site "LSS email"]
[Date "2009.12.16"]
[Round "?"]
[White "Udvari, Norbert"]
[Black "Marculescu, Gheorghe"]
[Result "1-0"]
[WhiteElo "1961"]
[BlackElo "1844"]
[PlyCount "32"]
[EventDate "2009.11.14"]
[EventType "tourn (corr)"]
[EventRounds "6"]
[EventCountry "GER"]
[SourceTitle "Corr 2013"]
[Source "ChessBase"]
[SourceDate "2012.11.12"]
[SourceVersion "1"]
[SourceVersionDate "2012.11.12"]
[SourceQuality "1"]

1. d4 Nf6 2. c4 g6 3. Nc3 Bg7 4. e4 d6 5. f4 c5 6. d5 0-0 7. Nf3 Qa5 8. Bd2 Na6 9. a3 Qb6 10. Bd3 Nh5 11. 0-0 Qxb2 12. e5 Nxf4 13. Bc2 Bxe5 14. Nxe5 dxe5 15. Rb1 Qxa3 16. Ba4 h5 1-0

[Event "LSS RB-2009-0-00069"]
[Site "LSS email"]
[Date "2009.11.18"]
[Round "?"]
[White "Bossi, Noemi"]
[Black "Marculescu, Gheorghe"]
[Result "1/2-1/2"]
[WhiteElo "1846"]
[BlackElo "1825"]
[PlyCount "69"]
[EventDate "2009.10.03"]
[EventType "tourn (corr)"]
[EventRounds "6"]
[EventCountry "GER"]
[SourceTitle "Telechess CBM 137"]
[Source "ChessBase"]
[SourceDate "2010.07.15"]
[SourceVersion "1"]
[SourceVersionDate "2010.07.15"]
[SourceQuality "1"]

1. d4 Nf6 2. e3 g6 3. Bd3 Nc6 4. f4 d6 5. Nf3 Bg7 6. 0-0 0-0 7. c3 e5 8. Nbd2 e4 9. Nxe4 Nxe4 10. Bxe4 d5 11. Bd3 Re8 12. Ne5 Ne7 13. Qb3 a5 14. a4 f6 15. Nf3 Kh8 16. Re1 Bg4 17. e4 Bxf3 18. gxf3 f5 19. Bd2 fxe4 20. fxe4 Qd7 21. Kh1 Rf8 22. e5 b6 23. Rg1 Rab8 24. Raf1 c6 25. Qd1 Nf5 26. Qg4 Qe7 27. Qh3 Qe6 28. Rg5 Kg8 29. Rfg1 Rbe8 30. Bxf5 Rxf5 31. Qg2 Ref8 32. h4 Bh6 33. Rxf5 Qxf5 34. Rf1 Rf7 35. Kh2 1/2-1/2

[Event "LSS SB-2009-0-00068"]
[Site "LSS email"]
[Date "2009.11.11"]
[Round "?"]
[White "Jozefini, Lubor"]
[Black "Marculescu, Gheorghe"]
[Result "0-1"]
[WhiteElo "1989"]
[BlackElo "1771"]
[PlyCount "82"]
[EventDate "2009.10.05"]
[EventType "tourn (corr)"]
[EventRounds "6"]
[EventCountry "GER"]
[SourceTitle "Telechess CBM 149"]
[Source "ChessBase"]
[SourceDate "2012.07.17"]
[SourceVersion "1"]
[SourceVersionDate "2012.07.17"]
[SourceQuality "1"]

1. e4 c5 2. c3 d5 3. exd5 Qxd5 4. d4 Nc6 5. Nf3 Bf5 6. Be3 Nf6 7. Nbd2 cxd4 8. Bc4 dxe3 9. Bxd5 exd2+ 10. Qxd2 0-0-0 11. c4 e6 12. Qf4 Bb4+ 13. Ke2 Bd6 14. Qg5 h6 15. Qc1 exd5 16. Rd1 dxc4 17. Qxc4 Be6 18. Qa4 Rhe8 19. Kf1 Kb8 20. Re1 Nd5 21. a3 g5 22. Rad1 Nb6 23. Qc2 g4 24. Nh4 Rc8 25. Qd2 Be5 26. g3 Nc4 27. Qc1 Bxb2 28. Qxh6 N4e5 29. Qf4 Rcd8 30. Rxd8+ Rxd8 31. Kg2 Rd3 32. a4 Rd4 33. Qe3 Rxa4 34. Qc5 Kc7 35. Qb5 Rb4 36. Qf1 Bc4 37. Qg1 Bd5+ 38. Kf1 Nc4 39. Re8 Bc3 40. Re7+ Nxe7 41. Ke2 Nb2 0-1

[Event "LSS SB-2009-0-00068"]
[Site "LSS email"]
[Date "2009.11.10"]
[Round "?"]
[White "Ponting, Andrew"]
[Black "Marculescu, Gheorghe"]
[Result "1/2-1/2"]
[WhiteElo "1917"]
[BlackElo "1831"]
[PlyCount "57"]
[EventDate "2009.10.05"]
[EventType "tourn (corr)"]
[EventRounds "6"]
[EventCountry "GER"]
[SourceTitle "Telechess CBM 137"]
[Source "ChessBase"]
[SourceDate "2010.07.15"]
[SourceVersion "1"]
[SourceVersionDate "2010.07.15"]
[SourceQuality "1"]

1. e4 c5 2. Nf3 d6 3. d4 cxd4 4. Nxd4 Nf6 5. Nc3 Nc6 6. Bg5 a6 7. Qd2 Bd7 8. 0-0-0 e6 9. f3 Be7 10. h4 Qc7 11. Kb1 Ne5 12. f4 Neg4 13. h5 b5 14. a3 Rb8 15. Bh4 b4 16. axb4 Rxb4 17. Nd5 Rxb2+ 18. Kxb2 exd5 19. exd5 0-0 20. Nb3 Ne4 21. Qd4 Bxh4 22. Rxh4 Nc5 23. Be2 Na4+ 24. Kc1 Nh6 25. Bd3 Nc3 26. Re1 Nf5 27. Bxf5 Bxf5 28. h6 gxh6 29. Re3 1/2-1/2

[Event "LSS RB-2009-0-00067"]
[Site "LSS email"]
[Date "2009.10.17"]
[Round "?"]
[White "Launhardt, Wolfgang"]
[Black "Marculescu, Gheorghe"]
[Result "1-0"]
[WhiteElo "1946"]
[BlackElo "1836"]
[PlyCount "85"]
[EventDate "2009.09.13"]
[EventType "tourn (corr)"]
[EventRounds "6"]
[EventCountry "GER"]
[SourceTitle "Telechess CBM 137"]
[Source "ChessBase"]
[SourceDate "2010.07.15"]
[SourceVersion "1"]
[SourceVersionDate "2010.07.15"]
[SourceQuality "1"]

1. d4 d5 2. c4 c6 3. e3 Nf6 4. Nc3 e6 5. Nf3 a6 6. Bd2 b5 7. c5 Nbd7 8. b4 a5 9. bxa5 b4 10. Ne2 Qxa5 11. a3 Be7 12. Ng3 Qa7 13. Bxb4 g6 14. Bd3 0-0 15. 0-0 e5 16. dxe5 Ng4 17. e6 Nde5 18. exf7+ Rxf7 19. Be2 Nxf3+ 20. gxf3 Nf6 21. Qc2 Ne8 22. f4 Bf6 23. Rab1 Ng7 24. Rb3 Nf5 25. Rfb1 Bg7 26. Bd2 Rc7 27. Bc1 Bf8 28. Bb2 Qxc5 29. Qxc5 Bxc5 30. Be5 Rca7 31. Rc3 Bxa3 32. Rxc6 Ne7 33. Rf6 Ra4 34. h4 Rb4 35. Ra1 Rba4 36. h5 Bc5 37. Rd1 Ba6 38. Bg4 Bc8 39. Bf3 Bb7 40. f5 gxf5 41. Rc1 R4a5 42. Nxf5 Nxf5 43. Rxf5 1-0

[Event "LSS RB-2009-0-00066"]
[Site "LSS email"]
[Date "2009.10.13"]
[Round "?"]
[White "Marculescu, Gheorghe"]
[Black "Pott, Brian"]
[Result "1/2-1/2"]
[WhiteElo "1841"]
[BlackElo "1814"]
[PlyCount "41"]
[EventDate "2009.09.07"]
[EventType "tourn (corr)"]
[EventRounds "6"]
[EventCountry "GER"]
[SourceTitle "Telechess CBM 137"]
[Source "ChessBase"]
[SourceDate "2010.07.15"]
[SourceVersion "1"]
[SourceVersionDate "2010.07.15"]
[SourceQuality "1"]

1. d4 Nf6 2. c4 g6 3. Nf3 Bg7 4. Nc3 0-0 5. e4 d6 6. Be2 e5 7. dxe5 dxe5 8. Bg5 Nbd7 9. 0-0 c6 10. h3 Qc7 11. Qc2 Nc5 12. Be3 Ne6 13. Rad1 b6 14. Rd2 Bb7 15. Rfd1 Rfd8 16. Qa4 Rxd2 17. Rxd2 Bf8 18. Qc2 Bc5 19. Bxc5 Nxc5 20. b4 Ne6 21. Qb2 1/2-1/2

[Event "LSS SB-2009-0-00064"]
[Site "LSS email"]
[Date "2009.10.06"]
[Round "?"]
[White "Marculescu, Gheorghe"]
[Black "Correa de Almeida, Claudio"]
[Result "1/2-1/2"]
[WhiteElo "1825"]
[BlackElo "800"]
[PlyCount "127"]
[EventDate "2009.09.11"]
[EventType "tourn (corr)"]
[EventRounds "6"]
[EventCountry "GER"]
[SourceTitle "Telechess CBM 137"]
[Source "ChessBase"]
[SourceDate "2010.07.15"]
[SourceVersion "1"]
[SourceVersionDate "2010.07.15"]
[SourceQuality "1"]

1. d4 d5 2. c4 c6 3. Nf3 Nf6 4. cxd5 cxd5 5. Qb3 Nc6 6. Bf4 e6 7. Nc3 Bd6 8. Bxd6 Qxd6 9. e3 0-0 10. Rc1 Bd7 11. Be2 Rac8 12. 0-0 Ne4 13. Qxb7 Rb8 14. Qa6 Rxb2 15. Nxe4 dxe4 16. Ne5 Rb6 17. Nc4 Rxa6 18. Nxd6 Rxa2 19. Bb5 Nb8 20. Bc4 Rb2 21. Nxe4 a5 22. Ra1 Rc8 23. Bd3 Nc6 24. Rfc1 Nb4 25. Rxc8+ Bxc8 26. Bb5 Na2 27. Nd6 Bb7 28. f3 Ba8 29. Bf1 f5 30. Nc4 Rc2 31. Nxa5 Nc1 32. Nc4 Bd5 33. Na3 Rc3 34. Nb5 Rc2 35. h4 Ba2 36. Kh2 Kf7 37. Kg3 Kf6 38. Na3 Rc3 39. Kf4 h6 40. h5 Ke7 41. Nb5 Rc2 42. g4 Nb3 43. Rd1 fxg4 44. Kxg4 Nc1 45. Kf4 Bb3 46. Na3 Rc3 47. Nb1 Rc8 48. Rd2 Rf8+ 49. Kg4 Bd5 50. f4 Rc8 51. Rb2 Be4 52. Nd2 Nd3 53. Ra2 Bf5+ 54. Kh4 Rc1 55. Ra7+ Kf8 56. Ra8+ Ke7 57. Ra3 Nb4 58. Bg2 Rc2 59. e4 Rxd2 60. Ra7+ Kf8 61. Ra8+ Kf7 62. Ra7+ Kg8 63. Ra8+ Kh7 64. exf5 1/2-1/2

[Event "LSS ZI-2009-0-00516"]
[Site "LSS email"]
[Date "2009.09.29"]
[Round "?"]
[White "Marculescu, Gheorghe"]
[Black "Dehaybe, Andre"]
[Result "0-1"]
[WhiteElo "1841"]
[BlackElo "1785"]
[PlyCount "154"]
[EventDate "2009.09.23"]
[EventType "match (corr)"]
[EventRounds "2"]
[EventCountry "GER"]
[SourceTitle "Corr 2011"]
[Source "ChessBase"]
[SourceDate "2010.08.31"]
[SourceVersion "1"]
[SourceVersionDate "2010.08.31"]
[SourceQuality "1"]

1. e4 Nf6 2. e5 Nd5 3. Nf3 d6 4. d4 g6 5. c4 Nb6 6. exd6 cxd6 7. Be2 Bg7 8. 0-0 0-0 9. Nc3 Nc6 10. h3 Bf5 11. Be3 d5 12. c5 Nc4 13. Bc1 b6 14. b3 bxc5 15. bxc4 cxd4 16. Nxd5 d3 17. Bxd3 Bxd3 18. Qxd3 Bxa1 19. Bh6 Bg7 20. Bxg7 Kxg7 21. Qc3+ f6 22. Ng5 Qd7 23. Re1 e5 24. Ne4 Rab8 25. Nc5 Qd6 26. Ne4 Qd8 27. Nc5 Re8 28. Rd1 f5 29. Qa1 Qh4 30. Qc3 Nd4 31. Qa5 Kh6 32. Qd2+ Qg5 33. f4 Nf3+ 34. Kh1 Qg3 35. gxf3 Qxf3+ 36. Kh2 exf4 37. Qxf4+ Qxf4+ 38. Nxf4 Rb2+ 39. Kg1 Rxa2 40. Nce6 a5 41. c5 Rc2 42. Kf1 a4 43. Ra1 Ra8 44. Ra3 Rb8 45. Ne2 Rb1+ 46. Kf2 Rb4 47. Ke1 Re4 48. N6d4 Rxc5 49. Rxa4 Re3 50. h4 Re4 51. Ra7 Rxh4 52. Kf2 Rd5 53. Nf3 Rb4 54. Re7 Rb2 55. Ke3 Rb3+ 56. Kf2 Rb4 57. Re6 Rd3 58. Ne5 Ra3 59. Re7 Ra2 60. Re6 Kg7 61. Kf1 Rc2 62. Nd3 Rh4 63. Rb6 Rh1+ 64. Kg2 Rd1 65. Ndf4 g5 66. Ne6+ Kg8 67. Rb8+ Kf7 68. Nxg5+ Kg6 69. Rg8+ Kh5 70. Nxh7 Rxe2+ 71. Kf3 Re7 72. Nf6+ Kh6 73. Rg2 Rf1+ 74. Kg3 Rg7+ 75. Kh2 Rxg2+ 76. Kxg2 Rd1 77. Kf3 Kg6 0-1

[Event "LSS OP-2009-0-00953"]
[Site "LSS email"]
[Date "2009.09.29"]
[Round "?"]
[White "Urbieta, Osvaldo Guillermo"]
[Black "Marculescu, Gheorghe"]
[Result "0-1"]
[WhiteElo "2011"]
[BlackElo "1841"]
[PlyCount "28"]
[EventDate "2009.09.24"]
[EventType "tourn (corr)"]
[EventRounds "4"]
[EventCountry "GER"]
[SourceTitle "Corr 2013"]
[Source "ChessBase"]
[SourceDate "2012.11.12"]
[SourceVersion "1"]
[SourceVersionDate "2012.11.12"]
[SourceQuality "1"]

1. e4 e5 2. Nf3 Nc6 3. Bc4 Bc5 4. b4 Bxb4 5. c3 Be7 6. d4 Na5 7. Be2 exd4 8. Qxd4 Nf6 9. e5 Nc6 10. Qh4 Nd5 11. Qg3 0-0 12. Bh6 g6 13. h4 d6 14. Bxf8 Bxf8 0-1

[Event "LSS RB-2009-0-00064"]
[Site "LSS email"]
[Date "2009.09.24"]
[Round "?"]
[White "Jordaan, Wayne"]
[Black "Marculescu, Gheorghe"]
[Result "0-1"]
[WhiteElo "1805"]
[BlackElo "1825"]
[PlyCount "100"]
[EventDate "2009.08.18"]
[EventType "tourn (corr)"]
[EventRounds "6"]
[EventCountry "GER"]
[SourceTitle "Telechess CBM 137"]
[Source "ChessBase"]
[SourceDate "2010.07.15"]
[SourceVersion "1"]
[SourceVersionDate "2010.07.15"]
[SourceQuality "1"]

1. d4 d5 2. c4 dxc4 3. Nf3 Nf6 4. e3 Be6 5. Nc3 c6 6. Ng5 Bd5 7. e4 h6 8. exd5 hxg5 9. dxc6 Nxc6 10. d5 Ne5 11. Bxg5 a6 12. Qd4 Qc7 13. Bf4 Nfd7 14. Bxc4 Rh4 15. Bxe5 Rxd4 16. Bxc7 Rxc4 17. Bg3 g6 18. 0-0 Bg7 19. Rae1 Bxc3 20. bxc3 Nf6 21. d6 e6 22. Rb1 b5 23. Rb4 Rac8 24. Rxc4 Rxc4 25. f3 Nd5 26. Rf2 Kd7 27. Rd2 f6 28. Kf2 Nxc3 29. Ke3 Ra4 30. Be1 Nxa2 31. Bg3 Nc3 32. Kd3 Nd5 33. Ke2 a5 34. Kd1 Ra1+ 35. Kc2 Ra2+ 36. Kd3 Rxd2+ 37. Kxd2 e5 38. Bf2 Kxd6 39. Kc2 a4 40. h4 f5 41. g4 fxg4 42. fxg4 Nf6 43. h5 gxh5 44. g5 Ne4 45. g6 Ke7 46. Ba7 Kf6 47. Bb8 h4 48. g7 Kxg7 49. Bxe5+ Kg6 50. Kd3 Kf5 0-1